| 000 | 00945cam a22002773a 4500 | ||
|---|---|---|---|
| 001 | 5988 | ||
| 003 | PGUSA | ||
| 005 | 20140828083127.0 | ||
| 008 | 040601s2004||||xxu|||||s|||||000 | eng d | ||
| 040 |
_aPGUSA _beng |
||
| 042 | _adc | ||
| 050 | 4 | _aPQ | |
| 100 | 1 |
_aMorris, William, _d1834-1896 |
|
| 245 | 1 | 0 |
_aOld French Romances, Done into English _h[electronic resource] / _cWilliam Morris |
| 260 |
_bProject Gutenberg, _c2004 |
||
| 505 | 0 | _aThe tale of King Coustans the emperor -- The friendship of Amis and Amile -- The tale of King Florus and the fair Jehane -- The history of over sea. | |
| 506 | _aPublic domain in the USA. | ||
| 516 | _aElectronic text | ||
| 653 | _aRomances | ||
| 653 | _aFrench literature -- To 1500 -- Translations into English | ||
| 653 | _aTales, Medieval | ||
| 700 | 1 |
_aJacobs, Joseph, _d1854-1916 |
|
| 830 | 0 |
_aProject Gutenberg _v5988 |
|
| 856 | 4 | 0 | _uhttp://www.gutenberg.org/ebooks/5988 |
| 942 | _cEB | ||
| 999 |
_c235316 _d235316 |
||